Práca s internetom, základy tvorby www stránok [Európsky sociálny fond : ... súčasť riešenia projektu "Transfer poznatkov pre moderné automatizované výroby" ITMS: 1312011053 s podporou Európskeho sociálneho fondu

Bibliographic Details
Main Authors: Králik, Marián, 1953- (Author), Jerz, Marián, 1957- (Author), Horvát, Miroslav, 1973- (Author)
Format: Book
Language:Slovak
PhysicalDescription:102 s. sch., tab. 24 cm
Published: V Bratislave Slovenská technická univerzita 2008
ISBN:9788089313181 (brož.)
Edition:[1. vyd.]
Subjects:

MARC

LEADER 00000nam a2200000 a 4500
001 vtls009476914
003 SK-MaSNL
005 20260301211152.0
008 160610s2008 xo l f 000 0 slo
015 |a SNBA2009/03-01448 
020 |a 9788089313181 (brož.) 
035 |a 40CB4903-3674-45EF-81F8-F92DA395859A 
035 |a urn:nbn:sk:snk-aml1th 
035 |a urn:nbn:sk:snk-am008mmk 
040 |a SNK  |b slo  |c SNK  |e AACR2 
041 0 |a slo 
044 |a xo  |c SK 
072 7 |a 004.7  |x Počítačové siete  |2 konspekt 
080 |a 004.738.5  |2 2001 
080 |a 004.738.12  |2 2001 
080 |a (048.8)  |2 2001 
100 1 |a Králik, Marián,  |d 1953-  |4 aut  |9 217396 
245 1 0 |a Práca s internetom, základy tvorby www stránok  |b [Európsky sociálny fond : ... súčasť riešenia projektu "Transfer poznatkov pre moderné automatizované výroby" ITMS: 1312011053 s podporou Európskeho sociálneho fondu  |c Marián Králik, Vladimír Jerz, Miroslav Morvát 
250 |a [1. vyd.] 
260 |a V Bratislave  |b Slovenská technická univerzita  |c 2008 
300 |a 102 s.  |b sch., tab.  |c 24 cm 
500 |a Vydavateľ: FX s.r.o., Bratislava 
504 |a Bibliogr. s. 100. Malý lexikón internetu 
650 0 7 |a internet  |2 SNKPH  |9 1833 
650 0 7 |a webové stránky  |2 SNKPH  |9 2008 
650 0 7 |a Web sites  |2 SNKPHeng  |9 137179 
655 7 |a monografie  |2 SNKPH  |9 70139 
655 7 |a Monographs  |2 SNKPHeng  |9 120675 
700 1 |a Jerz, Marián,  |d 1957-  |4 aut  |9 595585 
700 1 |a Horvát, Miroslav,  |d 1973-  |4 aut  |9 224974 
752 |a Slovensko  |d Bratislava 
919 |a 978-80-89313-18-1 
958 |a NB 
958 |a OND 
968 |d 0 
999 |c 915846  |d 917776 
952 |a SNK  |b SNK  |y PREZ  |7 0  |p 17A0612279  |o snkSC 134666  |i snk2009/3602  |8 0  |0 0  |1 0  |4 0  |d 2009-02-24  |f 1  |l 0  |r 2025-06-30 00:00:00  |w 2026-02-24 
952 |a SNK  |b SNK  |y VYP  |7 0  |p 17A0612278  |o snkSC 134666 D1  |i snk2009/3603  |8 0  |0 0  |1 0  |4 0  |d 2009-02-24  |l 0  |r 2026-02-24 07:58:43  |w 2026-02-24